|
|
|
|
| LEADER |
01066nmm a2200253 a 4500 |
| 001 |
0000066380 |
| 005 |
20030722090000.0 |
| 040 |
|
|
|a mod
|
| 041 |
|
|
|a eng
|
| 020 |
0 |
0 |
|a 0130333999
|
| 090 |
0 |
0 |
|a 428.0076
|b PHI
|c f
|e 2001
|
| 100 |
1 |
0 |
|a Phillips
|h Deborah
|
| 245 |
1 |
0 |
|a Longman introductory course for the TOEFL test
|c Deborah Phillips
|
| 250 |
0 |
0 |
|a 2nd ed.
|
| 260 |
0 |
0 |
|a White Plains, New Jersey
|b Pearson Education
|c 2001
|
| 300 |
0 |
0 |
|a xvi, 550p.
|b ill.
|c 27cm + 1 computer optical disc (4 3/4 in.)
|
| 650 |
0 |
0 |
|a English language
|x Examinations
|x Study guides
|
| 650 |
0 |
0 |
|a Test of English as a foreign language
|x Study guides
|
| 650 |
0 |
0 |
|a English language
|x Textbooks for foreign speakers
|
| 852 |
0 |
0 |
|a 01
|
| 999 |
|
|
|a 01823
|b KEMENTAH
|d COMPACT DISC
|e Sumber Media
|f Perpustakaan KEMENTAH
|j AVAILABLE
|q GOOD CONDITION
|
| 999 |
|
|
|a 01894
|b 11 BGD
|d COMPACT DISC
|e Sumber Media
|f 11 BGD
|j WEEDING APPROVAL
|q GOOD CONDITION
|
| 999 |
|
|
|a 0214449
|b KEMENTAH
|d BOOKS
|e Umum
|f Perpustakaan KEMENTAH
|j AVAILABLE
|q GOOD CONDITION
|
| 999 |
|
|
|a 0216853
|b 11 BGD
|d BOOKS
|e Umum
|f 11 BGD
|j AVAILABLE
|q GOOD CONDITION
|